000
00205 a2200097 4500
001
26847
100
_a
Rahman, M.A
245
_a
Reflections on infantry
260
_a
_b
Wajidalis
_c
090
_c
18080
_d
18080
942
_a
NUST-CAE
_c
M
_c
8981
999
_c
261920
_d
261920